| 000 | 00903cam a2200205 4500 | ||
|---|---|---|---|
| 001 | WB3907-04 | ||
| 008 | 030217n2003 000 0 eng u | ||
| 035 | _a(Sirsi) u121356 | ||
| 245 | _aProperty lost lead | ||
| 260 | _c2003 | ||
| 490 |
_aEstates Gazette _v(0307) 15 February 2003, 41(1) |
||
| 520 | _aProvisional figures from the Investment Property Databank (IPD) indicate that property was not the the best performing asset class in 2002, producing total returns of 9.7%. Retail brought in the higest return at 13.5% but the office sector returned only 3.7%. The final annual index for 2002 will be released in March 2003. IPD at www.ipdindex.co.uk | ||
| 590 | _aWB | ||
| 650 | _aIPD INDEX | ||
| 650 | _aPROPERTY ASSETS | ||
| 650 | _aPROPERTY INVESTMENT | ||
| 650 | _aPROPERTY RETURNS | ||
| 690 | _aPROPERTY-COMMERCIAL PROPERTY-COMMERCIAL PROPERTY FINANCE AND INVESTMENT | ||
| 942 | _n0 | ||
| 999 |
_c72118 _d72118 |
||